| 000 | 00902cam a22002653a 4500 | ||
|---|---|---|---|
| 001 | 19562 | ||
| 003 | PGUSA | ||
| 005 | 20140828083420.0 | ||
| 008 | 061017s2006||||xxu|||||s|||||000 1 eng d | ||
| 040 |
_aPGUSA _beng |
||
| 042 | _adc | ||
| 050 | 4 | _aPT | |
| 100 | 1 |
_aMühlbach, L. _q(Luise), _d1814-1873 |
|
| 245 | 1 | 0 |
_aNapoleon and the Queen of Prussia _h[electronic resource] / _cL. Mühlbach |
| 260 |
_bProject Gutenberg, _c2006 |
||
| 506 | _aPublic domain in the USA. | ||
| 516 | _aElectronic text | ||
| 653 | _aNapoleon I, Emperor of the French, 1769-1821 -- Fiction | ||
| 653 | _aPrussia (Germany) -- History -- Frederick William III, 1797-1840 -- Fiction | ||
| 653 | _aLuise, Queen, consort of Frederick William III, King of Prussia, 1776-1810 -- Fiction | ||
| 700 | 1 | _aJordan, F. | |
| 830 | 0 |
_aProject Gutenberg _v19562 |
|
| 856 | 4 | 0 | _uhttp://www.gutenberg.org/ebooks/19562 |
| 942 | _cEB | ||
| 999 |
_c248817 _d248817 |
||